000 00575nam a2200181Ia 4500
003 GCL
008 140319s9999 xx 000 0 ara d
040 _aGCL /
_cGCL
082 0 4 _a155.6443
_bك س
100 1 _aكاميليا عبدالفتاح
245 1 0 _aسيكلوجية المرأة العاملة /
_cكاميليا عبدالفتاح
300 _a303 ص
490 _aالهيئة العامة للاستعلامات
_v0
650 0 4 _aعلم النفس
650 0 4 _aالمرأة العاملة
650 0 4 _aالمرأة - علم النفس
942 _2ddc
_cBK
999 _c49391
_d49391